| 000 | 01094nam a2200253Ia 4500 | ||
|---|---|---|---|
| 003 | OSt | ||
| 005 | 20220923211639.0 | ||
| 006 | a|||||r|||| 00| 0 | ||
| 007 | ta | ||
| 008 | 220922b |||||||| |||| 00| 0 hin d | ||
| 024 | _a39,144 | ||
| 037 | _cTextual | ||
| 040 |
_aARTS _cARTS _bhin |
||
| 041 |
_2hin _ahin |
||
| 082 | _aO15v2:E1, 152K7;M8 (TTPS)-;1-;3 (EPS) | ||
| 100 |
_aपाण्डेय, चन्द्रशेखर; व्यास, शान्तिकुमार नानूराम _9161201 |
||
| 245 | 0 | _aसंस्कृत साहित्य की रूपरेखा | |
| 246 | _aSanskṛut sāhitya kī rūparekhā | ||
| 260 |
_aकानपुर _b साहित्य निकेतन _c1988 |
||
| 300 |
_a288पृ. _ccm. |
||
| 650 |
_aहिन्दी साहित्य _9156264 |
||
| 942 |
_hO15v2:E1, 152K7;M8 (TTPS)-;1-;3 (EPS) _cTEXL _2CC |
||
| 999 |
_c302061 _d302061 |
||